Riconosci gli Stati dal satellite - Quiz n°9 - Statistics

Statistiche generali
  • Questo quiz è stato fatto 3 volte
  • Il punteggio medio è 7 su 10
Statistiche sulle risposte
con Immagini Risposta % Corretto
Arabia Saudita
100%
Austria
100%
Corea del Sud
100%
Niger
100%
Antigua e Barbuda
67%
Zambia
67%
Afghanistan
33%
Azerbaigian
33%
Belize
33%
Nicaragua
33%
Nessun quiz corrispondente trovato
Distribuzione punteggi
Percentuale di utenti per punteggio
Percentile per numero di risposta
I tuoi punteggi nel tempo
Non hai fatto questo quiz